| 000 | 00695nam a22002057a 4500 | ||
|---|---|---|---|
| 005 | 20250707165309.0 | ||
| 008 | 250707b |||||||| |||| 00| 0 eng d | ||
| 020 | _a978-1-3502-0240-5 (hbk) | ||
| 037 | _cTB | ||
| 040 |
_aCRL _cCRL |
||
| 084 |
_aR851 R3 _qCRL |
||
| 100 |
_aSnyder, Charles E. _9784590 |
||
| 245 | _aBeyond hellenistic epistemology: arcesilaus and the destruction of stoic metaphysics | ||
| 260 |
_aLondon, UK: _bBloomsbury Academic, _c2023. |
||
| 300 | _avi,217p. | ||
| 365 |
_b28.99 _cUKP |
||
| 650 | _2PHILOSOPHY | ||
| 942 |
_2CC _cTB _hR851 R3 _n0 |
||
| 999 |
_c1433485 _d1433485 |
||